<?xml version="1.0" encoding="UTF-8"?><?xml-stylesheet type="text/xsl" href="static/style.xsl"?><OAI-PMH xmlns="http://www.openarchives.org/OAI/2.0/" xmlns:xsi="http://www.w3.org/2001/XMLSchema-instance" xsi:schemaLocation="http://www.openarchives.org/OAI/2.0/ http://www.openarchives.org/OAI/2.0/OAI-PMH.xsd"><responseDate>2026-04-17T11:30:52Z</responseDate><request verb="GetRecord" identifier="oai:www.recercat.cat:10230/48541" metadataPrefix="marc">https://recercat.cat/oai/request</request><GetRecord><record><header><identifier>oai:recercat.cat:10230/48541</identifier><datestamp>2025-12-13T20:50:55Z</datestamp><setSpec>com_2072_6</setSpec><setSpec>col_2072_452954</setSpec></header><metadata><record xmlns="http://www.loc.gov/MARC21/slim" xmlns:dcterms="http://purl.org/dc/terms/" xmlns:xsi="http://www.w3.org/2001/XMLSchema-instance" xmlns:doc="http://www.lyncode.com/xoai" xsi:schemaLocation="http://www.loc.gov/MARC21/slim http://www.loc.gov/standards/marcxml/schema/MARC21slim.xsd">
   <leader>00925njm 22002777a 4500</leader>
   <datafield ind2=" " ind1=" " tag="042">
      <subfield code="a">dc</subfield>
   </datafield>
   <datafield ind2=" " ind1=" " tag="720">
      <subfield code="a">Moyano García, Paula</subfield>
      <subfield code="e">author</subfield>
   </datafield>
   <datafield ind2=" " ind1=" " tag="260">
      <subfield code="c">2021-09-30T11:54:35Z</subfield>
   </datafield>
   <datafield ind2=" " ind1=" " tag="260">
      <subfield code="c">2021-09-30T11:54:35Z</subfield>
   </datafield>
   <datafield ind2=" " ind1=" " tag="260">
      <subfield code="c">2021</subfield>
   </datafield>
   <datafield ind2=" " ind1=" " tag="520">
      <subfield code="a">Treball de Fi de Grau en Dret. Curs 2020-2021</subfield>
   </datafield>
   <datafield ind2=" " ind1=" " tag="520">
      <subfield code="a">Tutor: Ricardo Robles Planas</subfield>
   </datafield>
   <datafield ind2=" " ind1=" " tag="520">
      <subfield code="a">Se ha abierto el debate sobre cómo se debe tratar la responsabilidad penal de las mujeres maltratadas que deciden acabar con la vida de su marido en situaciones de no confrontación, es decir, mientras este resta dormido, embriagado, distraído ... Existen distintas posiciones al respecto, en el caso de los tribunales españoles han abordado esta problemática de forma mayoritaria mediante la eximente incompleta del miedo insuperable, de forma que se reconoce la responsabilidad penal de la mujer, pero de forma atenuada. Por otro lado, hay autores que sostienen que se puede abordar esta problemática en sede de justificación, concretamente mediante la eximente de la legítima defensa (art.20.4 CP). Tradicionalmente la doctrina no ha aceptado la concurrencia de esta causa de justificación porque en el momento en el que la mujer “mata”, consideran que no existe unidad de acto entre la agresión y la defensa, de modo que la agresión ilegitima ante la cual la mujer “reacciona”, no se halla dentro de los límites de la actualidad. De modo que ello da lugar a un exceso extensivo, por lo que no se puede apreciar la eximente de la legítima defensa ni des de su vertiente completa ni tampoco incompleta. Así pues, ¿cabe justificar la conducta de estas mujeres que actúan preventivamente?</subfield>
   </datafield>
   <datafield tag="653" ind2=" " ind1=" ">
      <subfield code="a">Treball de fi de grau – Curs 2020-2021</subfield>
   </datafield>
   <datafield tag="653" ind2=" " ind1=" ">
      <subfield code="a">Legítima defensa (Espanya)</subfield>
   </datafield>
   <datafield tag="653" ind2=" " ind1=" ">
      <subfield code="a">Dones maltractades (Espanya)</subfield>
   </datafield>
   <datafield tag="653" ind2=" " ind1=" ">
      <subfield code="a">Responsabilitat penal (Espanya)</subfield>
   </datafield>
   <datafield ind2="0" ind1="0" tag="245">
      <subfield code="a">¿Defensa propia o sed de venganza?: Análisis de la legítima defensa en mujeres maltratadas que matan a sus maridos en situaciones de “no confrontación”</subfield>
   </datafield>
</record></metadata></record></GetRecord></OAI-PMH>